Балльно-рейтинговая система оценки учебных достижений студентов (Запись № 4679336)

Подробности
000 -МАРКЕР
контрольное поле 01846nam0a2200349 i 4500
001 - ИДЕНТИФИКАТОР ЗАПИСИ
контрольное поле RU\NLR\bibl\2073245
005 - ИДЕНТИФИКАТОР ВЕРСИИ
контрольное поле 20260426063010.0
010 ## - МЕЖДУНАРОДНЫЙ СТАНДАРТНЫЙ НОМЕР КНИГИ (ISBN)
Номер (ISBN) 9785799609214
Тираж 100
021 ## - НОМЕР ГОСУДАРСТВЕННОЙ РЕГИСТРАЦИИ
Код страны Российская Федерация
Номер 2013-61922
Номер Листа государственной регистраци 4251
035 ## - ДРУГИЕ СИСТЕМНЫЕ НОМЕРА
Идентификатор записи (nilc)RuMoRGB-006627299
035 ## - ДРУГИЕ СИСТЕМНЫЕ НОМЕРА
Идентификатор записи (NLR Aleph) 002059352
100 ## - ДАННЫЕ ОБЩЕЙ ОБРАБОТКИ
Данные общей обработки 20130812d2013 u y0rusy50 ca
101 0# - ЯЗЫК РЕСУРСА
Язык текста, звукозаписи и т.д. русский
102 ## - СТРАНА ПУБЛИКАЦИИ ИЛИ ПРОИЗВОДСТВА
Страна публикации Российская Федерация
105 ## - ПОЛЕ КОДИРОВАННЫХ ДАННЫХ: ТЕКСТОВЫЕ МАТЕРИАЛЫ, МОНОГРАФИЧЕСКИЕ
Кодированные данные о монографическом текстовом документе y |||||||||
200 1# - ЗАГЛАВИЕ И СВЕДЕНИЯ ОБ ОТВЕТСТВЕННОСТИ
Основное заглавие Балльно-рейтинговая система оценки учебных достижений студентов
Сведения, относящиеся к заглавию методическое обеспечение процесса обучения
Первые сведения об ответственности М-во образования и науки Рос. Федерации, Ур. федер. ун-т им. первого Президента России Б.Н. Ельцина, [Ин-т социал. и полит. наук
Последующие сведения об ответственности Т.Я. Андреева и др.]
210 ## - ПУБЛИКАЦИЯ, РАСПРОСТРАНЕНИЕ И ДР.
Место издания, распространения и т.д. Екатеринбург
Имя издателя, распространителя и т. д. Изд-во Уральского университета
Дата издания, распространения и т.д. 2013
215 ## - ФИЗИЧЕСКАЯ ХАРАКТЕРИСТИКА
Специфическое обозначение материала и объем 77 с.
Размеры 20
606 1# - НАИМЕНОВАНИЕ ТЕМЫ КАК ПРЕДМЕТ
Наименование темы Студенты
Формальный подзаголовок Учебно-методическое пособие
Тематический подзаголовок Знания
-- Оценка
-- Рейтинговая система
Системный номер авторитетной/нормативной записи 2349569
Идентификатор авторитетной/нормативной записи RU\NLR\AUTH\661403814
686 1# - ИНДЕКСЫ ДРУГИХ КЛАССИФИКАЦИЙ
Индекс Ч481.28я7
702 #1 - ИМЯ ЛИЦА - ВТОРИЧНАЯ ОТВЕТСТВЕННОСТЬ
Начальный элемент ввода Андреева
Часть имени, кроме начального элемента ввода Т. Я.
Расширение инициалов личного имени Тамара Яковлевна
Код отношения Составитель
712 02 - НАИМЕНОВАНИЕ ОРГАНИЗАЦИИ - ВТОРИЧНАЯ ОТВЕТСТВЕННОСТЬ
Код отношения Прочие
Начальный элемент ввода Уральский федеральный университет им. первого Президента России Б. Н. Ельцина
Идентифицирующий признак Екатеринбург
Идентификатор авторитетной/нормативной записи RU\NLR\AUTH\8810168127
Системный номер авторитетной/нормативной записи 832088
801 #0 - ИСТОЧНИК ЗАПИСИ
Страна Российская Федерация
Организация RuMoRKP
Дата составления 20130812
Правила каталогизации RCR
801 #2 - ИСТОЧНИК ЗАПИСИ
Страна Российская Федерация
Организация РГБ
Дата составления 20130813
801 #1 - ИСТОЧНИК ЗАПИСИ
Страна Российская Федерация
Организация RuMoRKP
Дата составления 20130812
Источник данных rusmarc
801 #2 - ИСТОЧНИК ЗАПИСИ
Страна Российская Федерация
Организация NLR
Дата составления 20130919
Правила каталогизации rcr
942 ## - ДОПОЛНИТЕЛЬНЫЕ ЭЛЕМЕНТЫ ЗАПИСИ (АБИС)
Тип экземпляра АБИС Книга
980 ## - КОЛЛЕКЦИЯ
Название коллекции НБР

Нет доступных экземпляров.